Visualizzazione normale
Vista MARC
- Momigliano, Arnaldo,
di Personal Name
Records bibliografici associati: 2
001 - CONTROL NUMBER
- control field: 52580
003 - CONTROL NUMBER IDENTIFIER
- control field: IT-RoINE
005 - DATE AND TIME OF LATEST TRANSACTION
- control field: 20180925121236.0
008 - FIXED-LENGTH DATA ELEMENTS
- fixed length control field: 180925|| aca||aabn | a|a d
040 ## - CATALOGING SOURCE
- Original cataloging agency: IT-RoINE
- Transcribing agency: IT-RoINE
100 ## - HEADING--PERSONAL NAME
- Personal name: Momigliano, Arnaldo,
- Dates associated with a name: 1908-1987
670 ## - SOURCE DATA FOUND
- Source citation: Work cat.: (IT-RoINE)0: Il conflitto tra paganesimo e cristianesimo nel secolo IV / , c1968.